00533nam a2200157Ia 4500100003700000942000700037654000700044245004600051260002800097082001900125300000800144546001200152999001700164952009700181952009700278 aLudwig/Reinhold/ Bretchko/Pavel  cBK arf aRF Circuit Design:Theory and applications bPearson Educationc2000 a621.38132bLUD a642 aENGLISH c24848d24848 001040708CRCaCRCEbCRCEd2023-03-17l0o621.38132 LUDp15508r2023-03-17w2023-03-17yBK 001040708CRCaCRCEbCRCEd2023-03-17l0o621.38132 LUDp15509r2023-03-17w2023-03-17yBK